Milan Lasica: "Celý svet sa mračí!"

Bibliographic Details
Main Authors: Artimová, Zuzana (ain), Lasica, Milan, 1940-2021 (Author, uin)
Format: Article
Language:Slovak
PhysicalDescription:Fotogr.
ISSN:1335-2776
Subjects:

MARC

LEADER 00000nab a2200000 a 4500
001 vtls000819822
003 SK-MaSNL
005 20260302152025.0
008 040806c2002 xo 0 slo
015 |a SNBRB2002/12-42612 
035 |a CLN000171477 
040 |a SNKBUCL  |b slo  |c SNKBUCL  |e AACR2 
041 0 |a slo 
044 |a xo  |c SK 
080 |a 792.071.2  |2 UDC-MRF-SK2 
080 |a 791.44.071.2  |2 UDC-MRF-SK2 
100 1 |a Artimová, Zuzana  |4 ain  |9 270661 
245 1 0 |a Milan Lasica: "Celý svet sa mračí!"  |c [zhovárala sa] Zuzana Artimová 
300 |b Fotogr. 
600 1 7 |a Lasica, Milan,  |d 1940-2021  |2 snkbucl  |9 93511 
630 0 7 |a Celý svet sa mračí a vy sa na fotografii usmievate (nahrávka DVD)  |2 snkbucl  |9 844605 
655 7 |a rozhovory  |2 snkbucl  |9 31831 
655 7 |a články z novín a časopisov  |2 snkbucl  |9 267496 
700 1 |a Lasica, Milan,  |d 1940-2021  |4 aut  |4 uin  |9 93511 
773 0 |x 1335-2776  |t Markíza  |g Roč. 5, č. 50 (2002), s. 26-28 
850 |a Slovenská národná knižnica v Martine 
852 |a SNK  |b KIS3GCP 
999 |c 1361513  |d 1363443